[Event "BCF-chT1a 1314 (4NCL)"]
[Site "England"]
[Date "2013.11.16"]
[Round "1.146"]
[White "Paci, Cedric"]
[Black "Coleman, James"]
[Result "1/2-1/2"]
[WhiteElo "2339"]
[BlackElo "2127"]
[PlyCount "50"]
[EventDate "2013.11.16"]
[EventType "team-tourn"]
[EventRounds "7"]
[EventCountry "ENG"]
[SourceTitle "EXT 2015"]
[Source "ChessBase"]
[SourceDate "2014.11.20"]
[SourceVersion "1"]
[SourceVersionDate "2014.11.20"]
[SourceQuality "1"]
[WhiteTeam "Cheddleton"]
[BlackTeam "Oxford"]
[WhiteTeamCountry "ENG"]
[BlackTeamCountry "ENG"]

1. Nf3 Nf6 2. c4 c5 3. Nc3 b6 4. g3 Bb7 5. Bg2 g6 6. 0-0 Bg7 7. d4 cxd4 8. Qxd4 d6 9. Rd1 Nbd7 10. Be3 Rc8 11. Rac1 a6 12. b3 0-0 13. Qh4 Rc7 14. Bh3 Qb8 15. g4 e6 16. g5 Ne8 17. Ne4 d5 18. cxd5 Bxd5 19. Ng3 Rxc1 20. Rxc1 Bxf3 21. exf3 Nc7 22. Qc4 Nd5 23. Qxa6 Nxe3 24. fxe3 Qe5 25. Qe2 Qxg5 1/2-1/2

[Event "4NCL-ch rapid"]
[Site "Daventry"]
[Date "2013.10.06"]
[Round "4"]
[White "Coleman, James"]
[Black "Meadows, Michael"]
[Result "1-0"]
[WhiteElo "2127"]
[BlackElo "1764"]
[PlyCount "93"]
[EventDate "2013.10.06"]
[EventType "swiss (rapid)"]
[EventRounds "7"]
[EventCountry "ENG"]
[SourceTitle "CBM 156 Extra"]
[Source "ChessBase"]
[SourceDate "2013.10.22"]
[SourceVersion "1"]
[SourceVersionDate "2013.10.22"]
[SourceQuality "1"]

1. d4 d5 2. c4 c6 3. Nf3 Nf6 4. Nc3 e6 5. Bg5 Nbd7 6. e3 Be7 7. Rc1 h6 8. Bh4 0-0 9. Bd3 b6 10. 0-0 Bb7 11. cxd5 exd5 12. Bxf6 Nxf6 13. Ne5 c5 14. Bb1 Rc8 15. Qd3 cxd4 16. exd4 Bd6 17. Ng4 Ne4 18. f3 Qh4 19. fxe4 Qxg4 20. e5 g6 21. exd6 Rc4 22. h3 Qxd4+ 23. Qxd4 Rxd4 24. Rfd1 Rb4 25. b3 d4 26. Ne2 Rd8 27. Rxd4 Rxd4 28. Nxd4 Rxd6 29. Nf3 Bxf3 30. gxf3 Rd2 31. a4 Kg7 32. Be4 Rd7 33. Kf2 Kf6 34. Ke3 g5 35. Rc6+ Kg7 36. b4 Re7 37. Kd4 h5 38. a5 bxa5 39. bxa5 f6 40. a6 Rd7+ 41. Ke3 Re7 42. Kf2 g4 43. hxg4 hxg4 44. Rc3 gxf3 45. Bxf3 Kh6 46. Rb3 Re6 47. Be2 1-0

[Event "4NCL-ch rapid"]
[Site "Daventry"]
[Date "2013.10.06"]
[Round "7"]
[White "Coleman, James"]
[Black "Zakarian, David"]
[Result "0-1"]
[WhiteElo "2127"]
[BlackElo "2408"]
[PlyCount "82"]
[EventDate "2013.10.06"]
[EventType "swiss (rapid)"]
[EventRounds "7"]
[EventCountry "ENG"]
[SourceTitle "CBM 156 Extra"]
[Source "ChessBase"]
[SourceDate "2013.10.22"]
[SourceVersion "1"]
[SourceVersionDate "2013.10.22"]
[SourceQuality "1"]

1. d4 Nf6 2. Nf3 c5 3. c3 e6 4. Bg5 b6 5. Nbd2 Be7 6. e3 Bb7 7. Bd3 0-0 8. 0-0 cxd4 9. exd4 Nd5 10. Bxe7 Qxe7 11. Re1 d6 12. Qc2 g6 13. Ne4 Nd7 14. Qd2 Kg7 15. Qg5 Qxg5 16. Nfxg5 h6 17. Nf3 Nf4 18. Bc2 d5 19. Ng3 Ba6 20. Re3 Rac8 21. Rae1 Rc7 22. Nf1 Bc4 23. h4 a5 24. g3 Nh5 25. Bb1 Nhf6 26. N1d2 Ba6 27. a4 Ng4 28. Bd3 Nxe3 29. Bxa6 Ng4 30. Nf1 Ndf6 31. Ne3 Nxe3 32. Rxe3 Ng4 33. Re1 Re8 34. Kg2 f6 35. Nd2 h5 36. f3 Nh6 37. f4 Nf5 38. Bd3 Nd6 39. Nf3 Nc4 40. Re2 Kf7 41. Kf2 Rb8 0-1

[Event "4NCL-ch rapid"]
[Site "Daventry"]
[Date "2013.10.06"]
[Round "3"]
[White "Smerdon, David"]
[Black "Coleman, James"]
[Result "1-0"]
[WhiteElo "2523"]
[BlackElo "2127"]
[PlyCount "65"]
[EventDate "2013.10.06"]
[EventType "swiss (rapid)"]
[EventRounds "7"]
[EventCountry "ENG"]
[SourceTitle "CBM 156 Extra"]
[Source "ChessBase"]
[SourceDate "2013.10.22"]
[SourceVersion "1"]
[SourceVersionDate "2013.10.22"]
[SourceQuality "1"]

1. e4 e5 2. Nf3 Nc6 3. Nc3 Nf6 4. d4 exd4 5. Nxd4 Bb4 6. Nxc6 bxc6 7. Bd3 d5 8. exd5 0-0 9. 0-0 cxd5 10. h3 c6 11. Qf3 Bd6 12. Bg5 Rb8 13. Rab1 Re8 14. Ne2 h6 15. Bxf6 Qxf6 16. Qxf6 gxf6 17. Ng3 Kf8 18. Nh5 Be5 19. c3 f5 20. f4 Bd6 21. Rf3 Bc5+ 22. Kh2 Re3 23. Kg3 Bd7 24. Rxe3 Bxe3 25. Kf3 Bc5 26. b4 Bd6 27. Ng3 d4 28. Bxf5 Be8 29. Rd1 c5 30. bxc5 Bxc5 31. cxd4 Rd8 32. d5 Bc6 33. dxc6 1-0

[Event "Kecskemet Caissa IM 02"]
[Site "Kecskemet"]
[Date "2013.02.23"]
[Round "8"]
[White "Coleman, James"]
[Black "Meszaros, Andras"]
[Result "1-0"]
[WhiteElo "2126"]
[BlackElo "2243"]
[PlyCount "143"]
[EventDate "2013.02.16"]
[EventType "tourn"]
[EventRounds "9"]
[EventCountry "HUN"]
[EventCategory "2"]
[SourceTitle "CBM 153 Extra"]
[Source "ChessBase"]
[SourceDate "2013.04.22"]
[SourceVersion "1"]
[SourceVersionDate "2013.04.22"]
[SourceQuality "1"]

1. d4 Nf6 2. c4 c5 3. d5 b5 4. cxb5 a6 5. bxa6 Bxa6 6. Nc3 d6 7. Nf3 g6 8. e4 Bxf1 9. Kxf1 Bg7 10. g3 0-0 11. Kg2 Nbd7 12. a4 Ra6 13. Qe2 Qa8 14. Bd2 Rb8 15. Rhb1 Rb4 16. b3 Rab6 17. Ra3 Qa6 18. Qxa6 Rxa6 19. e5 dxe5 20. Ne1 Rb7 21. Be3 e4 22. Nc2 Bf8 23. a5 Ng4 24. Nxe4 e6 25. dxe6 Rxe6 26. Ra4 Ra6 27. Bd2 Nge5 28. Bc3 f5 29. Nd2 Nc6 30. Nc4 Bg7 31. Bxg7 Kxg7 32. Rd1 Nf6 33. Rd3 f4 34. Nd6 Re7 35. Rxf4 Re2 36. Rdf3 Nd5 37. Re4 Rxe4 38. Nxe4 Ne5 39. Nxc5 Ra8 40. Ne6+ Kg8 41. b4 Nxf3 42. Kxf3 Rb8 43. a6 Rb6 44. Nc5 Nc7 45. a7 Rf6+ 46. Ke3 Rf8 47. Nd4 Nd5+ 48. Kd3 Nxb4+ 49. Kc4 Ra8 50. Kxb4 Rxa7 51. Kc4 Ra2 52. Ne4 Kg7 53. Kd3 h6 54. Ke3 g5 55. g4 Ra3+ 56. Ke2 Kg6 57. Ng3 Rc3 58. Ndf5 Ra3 59. Kf1 Ra4 60. h3 Ra3 61. Kg2 Rb3 62. Nh5 Ra3 63. f3 Ra2+ 64. Kg3 Ra3 65. h4 Ra2 66. hxg5 hxg5 67. Nd6 Rb2 68. Ne4 Ra2 69. Nhf6 Ra6 70. Nd7 Ra5 71. Nec5 Ra1 72. Ne6 1-0

[Event "Kecskemet Caissa IM 02"]
[Site "Kecskemet"]
[Date "2013.02.22"]
[Round "7"]
[White "Hajnal, Zoltan"]
[Black "Coleman, James"]
[Result "1/2-1/2"]
[WhiteElo "2364"]
[BlackElo "2126"]
[PlyCount "28"]
[EventDate "2013.02.16"]
[EventType "tourn"]
[EventRounds "9"]
[EventCountry "HUN"]
[EventCategory "2"]
[SourceTitle "CBM 153 Extra"]
[Source "ChessBase"]
[SourceDate "2013.04.22"]
[SourceVersion "1"]
[SourceVersionDate "2013.04.22"]
[SourceQuality "1"]

1. e4 e5 2. Nf3 Nc6 3. Bc4 Bc5 4. 0-0 d6 5. c3 Nf6 6. d4 Bb6 7. dxe5 Nxe5 8. Nxe5 dxe5 9. Qxd8+ Kxd8 10. Bg5 Ke7 11. Nd2 Be6 12. Rae1 Rad8 13. Bxe6 Kxe6 14. Nc4 Rd3 1/2-1/2

[Event "Kecskemet Caissa IM 02"]
[Site "Kecskemet"]
[Date "2013.02.19"]
[Round "4"]
[White "Coleman, James"]
[Black "Korpa, Bence"]
[Result "0-1"]
[WhiteElo "2126"]
[BlackElo "2357"]
[PlyCount "98"]
[EventDate "2013.02.16"]
[EventType "tourn"]
[EventRounds "9"]
[EventCountry "HUN"]
[EventCategory "2"]
[SourceTitle "CBM 153 Extra"]
[Source "ChessBase"]
[SourceDate "2013.04.22"]
[SourceVersion "1"]
[SourceVersionDate "2013.04.22"]
[SourceQuality "1"]

1. d4 d5 2. c4 c6 3. Nf3 Nf6 4. Nc3 dxc4 5. a4 e6 6. e4 Bb4 7. e5 Nd5 8. Bd2 b5 9. axb5 Bxc3 10. bxc3 cxb5 11. Ng5 Bb7 12. Qh5 Qe7 13. h4 h6 14. Ne4 Nf4 15. Qg4 Bxe4 16. Bxf4 Nd7 17. Bc1 f5 18. exf6 Nxf6 19. Qg3 a5 20. Be2 Bd5 21. f3 Kf7 22. h5 Rhc8 23. Bf4 Ra6 24. Rh4 Ke8 25. Be5 Kd7 26. Bxf6 Qxf6 27. Rg4 Rg8 28. Bd1 Kc6 29. Bc2 Ra7 30. Rg6 Qe7 31. Be4 Qd6 32. Qg4 Re8 33. Rxg7 Rxg7 34. Qxg7 Bxe4 35. fxe4 a4 36. Qg6 Rf8 37. d5+ Kc5 38. 0-0-0 Qe5 39. Kc2 Rf2+ 40. Rd2 Qf4 41. Rxf2 Qxf2+ 42. Kd1 Qf1+ 43. Kd2 Qd3+ 44. Ke1 Qxc3+ 45. Kf1 Qd3+ 46. Kg1 Qe3+ 47. Kh2 exd5 48. exd5 Kxd5 49. Qf7+ Kc6 0-1

[Event "Kecskemet Caissa IM 02"]
[Site "Kecskemet"]
[Date "2013.02.18"]
[Round "2"]
[White "Zhou, Guijue"]
[Black "Coleman, James"]
[Result "1-0"]
[WhiteElo "2178"]
[BlackElo "2126"]
[PlyCount "87"]
[EventDate "2013.02.16"]
[EventType "tourn"]
[EventRounds "9"]
[EventCountry "HUN"]
[EventCategory "2"]
[SourceTitle "CBM 153 Extra"]
[Source "ChessBase"]
[SourceDate "2013.04.22"]
[SourceVersion "1"]
[SourceVersionDate "2013.04.22"]
[SourceQuality "1"]

1. e4 e5 2. Nf3 Nc6 3. Bc4 Bc5 4. c3 Nf6 5. d3 a6 6. Bb3 Ba7 7. h3 d6 8. Nbd2 0-0 9. Nf1 d5 10. Qe2 Be6 11. Ng5 dxe4 12. Bxe6 exd3 13. Qf3 fxe6 14. Nxe6 e4 15. Qd1 Qd6 16. Nxf8 Rxf8 17. Be3 Kh8 18. Bxa7 Nxa7 19. Ne3 Nd5 20. Nxd5 Qxd5 21. 0-0 Nb5 22. Qd2 Nd6 23. b3 c5 24. c4 Qd4 25. a4 h6 26. Rfe1 Nf5 27. Qf4 Qd8 28. Qxe4 d2 29. Rad1 Qd7 30. Qd5 Qxd5 31. cxd5 Nd4 32. Rxd2 Nxb3 33. Rc2 Rd8 34. Rb1 c4 35. Rd1 b5 36. axb5 axb5 37. d6 Nc5 38. Rd5 Ne4 39. d7 c3 40. f3 Nf6 41. Rxb5 Rxd7 42. Rxc3 Kh7 43. Kh2 Kg6 44. g4 1-0

[Event "Kecskemet Caissa IM 02"]
[Site "Kecskemet"]
[Date "2013.02.16"]
[Round "1"]
[White "Coleman, James"]
[Black "Farkas, Tibor"]
[Result "1/2-1/2"]
[WhiteElo "2126"]
[BlackElo "2251"]
[PlyCount "84"]
[EventDate "2013.02.16"]
[EventType "tourn"]
[EventRounds "9"]
[EventCountry "HUN"]
[EventCategory "2"]
[SourceTitle "CBM 153 Extra"]
[Source "ChessBase"]
[SourceDate "2013.04.22"]
[SourceVersion "1"]
[SourceVersionDate "2013.04.22"]
[SourceQuality "1"]

1. c4 g6 2. Nc3 Bg7 3. g3 c5 4. Bg2 Nc6 5. a3 d6 6. b4 cxb4 7. axb4 Nxb4 8. Ba3 Bxc3 9. dxc3 Na6 10. Nh3 Qc7 11. Nf4 Nf6 12. Bxd6 Qxd6 13. Qxd6 exd6 14. Rxa6 bxa6 15. Bxa8 Be6 16. Nd5 Bxd5 17. Bxd5 Ke7 18. Kd2 Rb8 19. Ra1 Rb6 20. Kc2 Nd7 21. h4 h6 22. f4 Nc5 23. e4 Nd7 24. g4 Kf8 25. g5 Kg7 26. gxh6+ Kxh6 27. Bxf7 Nc5 28. Rg1 Nxe4 29. Rxg6+ Kh7 30. h5 a5 31. h6 a4 32. Re6 Nc5 33. Re7 Rb7 34. Rxb7 Nxb7 35. Kb2 Nc5 36. Ka3 Kxh6 37. Be8 a5 38. Bxa4 Kg6 39. Bc2+ Kf6 40. Bb1 Ke6 41. Bc2 Kf6 42. Bb1 Ke6 1/2-1/2

[Event "BCF-chTb 1112 (4NCL)"]
[Site "England"]
[Date "2012.02.11"]
[Round "5.57"]
[White "Coleman, James"]
[Black "Adair, James R"]
[Result "1-0"]
[WhiteElo "2142"]
[BlackElo "2247"]
[PlyCount "71"]
[EventDate "2011.11.12"]
[EventType "team-tourn"]
[EventRounds "7"]
[EventCountry "ENG"]
[SourceTitle "EXT 2013"]
[Source "ChessBase"]
[SourceDate "2012.11.22"]
[SourceVersion "1"]
[SourceVersionDate "2012.11.22"]
[SourceQuality "1"]
[WhiteTeam "Oxford"]
[BlackTeam "White Rose"]
[WhiteTeamCountry "ENG"]
[BlackTeamCountry "ENG"]

1. e4 c5 2. Nc3 a6 3. f4 b5 4. g3 Bb7 5. Bg2 e6 6. d3 d5 7. e5 h5 8. Nf3 Nh6 9. 0-0 Nc6 10. d4 cxd4 11. Ne2 Bc5 12. Kh1 Nf5 13. Bh3 Ne3 14. Bxe3 dxe3 15. f5 exf5 16. Bxf5 d4 17. Be4 Qe7 18. Kg1 0-0-0 19. a4 Kb8 20. axb5 axb5 21. Qd3 f5 22. exf6 gxf6 23. Qxb5 Qxe4 24. Qxc5 Rd5 25. Qb6 Rf5 26. Nf4 Rg8 27. Qb3 Ne7 28. Ne6 e2 29. Ra8+ Kxa8 30. Qa3+ Ba6 31. Qxa6+ Kb8 32. Qd6+ Kb7 33. Qc7+ Ka6 34. Ra1+ Kb5 35. Ra5+ Kb4 36. Qb6+ 1-0

[Event "BCF-chTb 1112 (4NCL)"]
[Site "England"]
[Date "2011.11.13"]
[Round "2.6"]
[White "Harakis, Alexis"]
[Black "Coleman, James"]
[Result "1-0"]
[WhiteElo "2220"]
[BlackElo "2142"]
[PlyCount "83"]
[EventDate "2011.11.12"]
[EventType "team-tourn"]
[EventRounds "7"]
[EventCountry "ENG"]
[SourceTitle "EXT 2013"]
[Source "ChessBase"]
[SourceDate "2012.11.22"]
[SourceVersion "1"]
[SourceVersionDate "2012.11.22"]
[SourceQuality "1"]
[WhiteTeam "Jutes of Kent"]
[BlackTeam "Oxford"]
[WhiteTeamCountry "ENG"]
[BlackTeamCountry "ENG"]

1. d4 Nf6 2. c4 e6 3. Nc3 Bb4 4. e3 b6 5. Bd3 Bb7 6. f3 0-0 7. e4 c5 8. d5 Bxc3+ 9. bxc3 d6 10. Ne2 Nbd7 11. Ng3 Ne5 12. Be2 Re8 13. 0-0 h6 14. f4 Ng6 15. Bd3 exd5 16. cxd5 Bc8 17. c4 Bg4 18. Qc2 Nh5 19. Nxh5 Bxh5 20. h3 Qh4 21. Qf2 Qxf2+ 22. Kxf2 Nf8 23. a4 f6 24. g4 Bg6 25. Kf3 Nd7 26. h4 Re7 27. h5 Bh7 28. Bd2 Rae8 29. Rfe1 Kf8 30. Bc3 Kg8 31. Re2 Kf8 32. Rae1 Kg8 33. Re3 Rf8 34. Bc2 Kh8 35. a5 Rb8 36. Rb1 bxa5 37. Rxb8+ Nxb8 38. Bxa5 Rb7 39. Rb3 Rxb3+ 40. Bxb3 Na6 41. Bd8 Nb4 42. Ke3 1-0

[Event "BCF-chT1d 0910 (4NCL) Demotion pool"]
[Site "England"]
[Date "2010.05.03"]
[Round "11.8"]
[White "Wilson, Julie Christine"]
[Black "Coleman, James"]
[Result "0-1"]
[WhiteElo "1890"]
[BlackElo "2136"]
[PlyCount "98"]
[EventDate "2009.10.24"]
[EventType "team-tourn"]
[EventRounds "4"]
[EventCountry "ENG"]
[SourceTitle "EXT 2011"]
[Source "ChessBase"]
[SourceDate "2010.11.26"]
[SourceVersion "1"]
[SourceVersionDate "2010.11.26"]
[SourceQuality "1"]
[WhiteTeam "South Wales Dragons"]
[BlackTeam "Oxford"]
[WhiteTeamCountry "ENG"]
[BlackTeamCountry "ENG"]

1. d4 Nf6 2. c4 g6 3. Nc3 Bg7 4. e4 d6 5. Nge2 0-0 6. Ng3 e5 7. d5 c5 8. Be2 Kh8 9. Bg5 h6 10. Bd2 a6 11. h4 h5 12. Bg5 Qe8 13. Qd2 Nbd7 14. 0-0-0 Nh7 15. Be3 Ndf6 16. f3 Bd7 17. Rdg1 b5 18. Nf1 Qd8 19. g4 hxg4 20. fxg4 b4 21. Nd1 Nxe4 22. Qd3 f5 23. Nd2 Nxd2 24. Bxd2 e4 25. Qg3 Be5 26. Bf4 Bxf4+ 27. Qxf4 Qe7 28. g5 Qe5 29. Qf2 f4 30. h5 e3 31. Qh4 Qd4 32. Bg4 Qxc4+ 33. Kb1 Qd3+ 34. Ka1 Qc2 35. Nxe3 fxe3 36. Bxd7 Rf2 37. Rb1 Raf8 38. Ba4 Qf5 39. hxg6 Qxg6 40. Rbc1 Rg2 41. Qh3 Rff2 42. Qc8+ Qg8 43. Qd7 Qg7 44. Qe8+ Rf8 45. Rxh7+ Kxh7 46. Qe4+ Kg8 47. Bc2 Rxc2 48. Qxc2 Rf2 49. Qb3 e2 0-1

[Event "Dubai op 12th"]
[Site "Dubai"]
[Date "2010.04.05"]
[Round "1"]
[White "Pantsulaia, Levan"]
[Black "Coleman, James"]
[Result "1-0"]
[WhiteElo "2588"]
[BlackElo "2136"]
[PlyCount "39"]
[EventDate "2010.04.05"]
[EventType "swiss"]
[EventRounds "9"]
[EventCountry "UAE"]
[SourceTitle "CBM 135 Extra"]
[Source "ChessBase"]
[SourceDate "2010.05.04"]
[SourceVersion "1"]
[SourceVersionDate "2010.05.04"]
[SourceQuality "1"]

1. Nf3 Nf6 2. c4 c6 3. g3 d5 4. Bg2 Bg4 5. Ne5 Be6 6. cxd5 Bxd5 7. Nf3 c5 8. Nc3 Bc6 9. 0-0 e6 10. Re1 Be7 11. e4 b6 12. d4 cxd4 13. Nxd4 Bb7 14. e5 Nd5 15. Nf5 exf5 16. Nxd5 Bc6 17. Qb3 Qc8 18. Nxe7 Kxe7 19. Bg5+ Ke8 20. Rad1 1-0

[Event "BCF-chT2 0708 (4NCL)"]
[Site "Sunningdale"]
[Date "2008.03.02"]
[Round "8.6"]
[White "Coleman, James"]
[Black "MacKenzie, Colin"]
[Result "1/2-1/2"]
[WhiteElo "2147"]
[BlackElo "2124"]
[PlyCount "112"]
[EventDate "2007.09.15"]
[EventType "team-tourn"]
[EventRounds "11"]
[EventCountry "ENG"]
[SourceTitle "EXT 2023"]
[Source "ChessBase"]
[SourceDate "2022.10.05"]
[SourceVersion "1"]
[SourceVersionDate "2022.10.05"]
[SourceQuality "1"]
[WhiteTeam "Oxford"]
[BlackTeam "Kings Head"]
[WhiteTeamCountry "ENG"]
[BlackTeamCountry "ENG"]

1. d4 e6 2. c4 Nf6 3. g3 d5 4. Nf3 Be7 5. Bg2 0-0 6. 0-0 c6 7. Qc2 b5 8. c5 a5 9. Nbd2 Nbd7 10. e4 dxe4 11. Nxe4 Nd5 12. Bg5 h6 13. Bxe7 Qxe7 14. Rfe1 Ba6 15. Nd6 Qf6 16. Ne5 Nxe5 17. Rxe5 Qd8 18. Rae1 a4 19. Bxd5 cxd5 20. f4 Qa5 21. f5 exf5 22. Qxf5 Bc8 23. Qd3 Be6 24. R1e2 b4 25. Rf2 Qd8 26. Qd2 b3 27. a3 Ra6 28. Qe2 Ra7 29. Re3 Qd7 30. Rc3 Bg4 31. Qe5 Qe7 32. Re3 Be6 33. Nxf7 Rxf7 34. Qxe6 Qxe6 35. Rxe6 Rae7 36. Rxe7 Rxe7 37. Kf1 Re3 38. Rf5 Rc3 39. Rxd5 Rc1+ 40. Ke2 Rc2+ 41. Kd3 Kf7 42. Rd7+ Ke6 43. Rd6+ Ke7 44. Ra6 Rxb2 45. Rxa4 Rxh2 46. Ke4 Rg2 47. Ra7+ Kf6 48. Ra6+ Ke7 49. Ke5 Rxg3 50. Ra7+ Kd8 51. d5 Rg5+ 52. Kd4 Rg4+ 53. Kc3 Rg3+ 54. Kc4 b2 55. Rb7 Rg4+ 56. Kc3 Rg5 1/2-1/2

[Event "FICGS class D 000075 email"]
[Site "FICGS email"]
[Date "2008.01.06"]
[Round "1"]
[White "Coleman, James"]
[Black "De Castet, Hubert"]
[Result "1-0"]
[WhiteElo "1700"]
[BlackElo "1700"]
[PlyCount "29"]
[EventDate "2008.??.??"]
[EventType "tourn (corr)"]
[EventRounds "6"]
[SourceTitle "Corr 2022"]
[Source "ChessBase"]
[SourceDate "2021.10.24"]
[SourceVersion "1"]
[SourceVersionDate "2021.10.24"]
[SourceQuality "1"]

1. d4 Nc6 2. Nf3 Nf6 3. c4 e6 4. Nc3 Bb4 5. e3 0-0 6. Bd3 d6 7. 0-0 e5 8. Nd5 Bg4 9. h3 e4 10. Nxf6+ gxf6 11. Bxe4 Bh5 12. Qa4 Qe7 13. Bxc6 bxc6 14. Qxb4 Qe4 15. Nd2 1-0

[Event "FICGS class D 000075 email"]
[Site "FICGS email"]
[Date "2008.01.06"]
[Round "1"]
[White "Oziminski, Wojciech"]
[Black "Coleman, James"]
[Result "1-0"]
[WhiteElo "1405"]
[BlackElo "1700"]
[PlyCount "21"]
[EventDate "2008.??.??"]
[EventType "tourn (corr)"]
[EventRounds "6"]
[SourceTitle "Corr 2022"]
[Source "ChessBase"]
[SourceDate "2021.10.24"]
[SourceVersion "1"]
[SourceVersionDate "2021.10.24"]
[SourceQuality "1"]

1. e4 e6 2. d4 d5 3. Nc3 c5 4. exd5 exd5 5. Nf3 Nc6 6. dxc5 d4 7. Ne4 f5 8. Ng3 Bxc5 9. Bd3 Nge7 10. Bg5 Qb6 11. 0-0 1-0

[Event "FICGS class C 000071 email"]
[Site "FICGS email"]
[Date "2008.01.04"]
[Round "1"]
[White "Coleman, James"]
[Black "Malbasic, Ljubisa"]
[Result "1-0"]
[WhiteElo "1700"]
[BlackElo "1600"]
[PlyCount "37"]
[EventDate "2008.??.??"]
[EventType "tourn (corr)"]
[EventRounds "4"]
[SourceTitle "Corr 2022"]
[Source "ChessBase"]
[SourceDate "2021.10.24"]
[SourceVersion "1"]
[SourceVersionDate "2021.10.24"]
[SourceQuality "1"]

1. d4 Nf6 2. c4 c5 3. d5 e6 4. Nc3 exd5 5. cxd5 d6 6. e4 g6 7. Be2 Bg7 8. Nf3 0-0 9. 0-0 a6 10. a4 Re8 11. Bg5 Nbd7 12. Bd3 Ne5 13. Nxe5 Rxe5 14. f4 Re8 15. f5 gxf5 16. exf5 Qb6 17. Rf2 Re5 18. a5 c4 19. axb6 1-0